Empowering patients and honoring individuals' choices : lessons in improving care for individuals with advanced illness : hearing before the Special Committee on Aging, United States Senate, One Hundred Twelfth Congress, second session, Washington, DC, June 13, 2012.

Bibliographic Details
Corporate Author: United States. Congress. Senate. Special Committee on Aging
Format: Government Document eBook
Language:English
Published: Washington : U.S. G.P.O., 2012.
Series:S. hrg. ; 112-553
Subjects:
Online Access:https://purl.fdlp.gov/GPO/gpo30959

MARC

Tag First Indicator Second Indicator Subfields
LEADER 00000cam a2200000 a 4500
001 in00002785318
005 20211120170454.0
006 m o d f
007 cr bn|||||||||
008 121109s2012 dcua ob f000 0 eng c
035 |a (OCoLC)ocn816666040 
040 |a GPO  |b eng  |c GPO  |d SEN  |d GPO  |d OCLCF  |d OCLCO  |d GPO  |d MvI  |d UtOrBLW 
042 |a pcc 
043 |a n-us--- 
049 |a WWW 
050 1 4 |a KF26.5  |b .A3 2012f 
074 |a 1009-D-01 (online) 
086 0 |a Y 4.AG 4:S.HRG.112-553 
088 |a Serial no. 112-18 (United States. Congress. Senate. Special Committee on Aging) 
110 1 |a United States.  |b Congress.  |b Senate.  |b Special Committee on Aging. 
245 1 0 |a Empowering patients and honoring individuals' choices :  |b lessons in improving care for individuals with advanced illness : hearing before the Special Committee on Aging, United States Senate, One Hundred Twelfth Congress, second session, Washington, DC, June 13, 2012. 
246 3 0 |a Lessons in improving care for individuals with advanced illness 
264 1 |a Washington :  |b U.S. G.P.O.,  |c 2012. 
300 |a 1 online resource (iii, 77 pages) :  |b illustrations 
336 |a text  |b txt  |2 rdacontent 
337 |a computer  |b c  |2 rdamedia 
338 |a online resource  |b cr  |2 rdacarrier 
490 1 |a S. hrg. ;  |v 112-553 
500 |a Title from title screen (viewed on Nov. 9, 2012). 
504 |a Includes bibliographical references. 
500 |a "Serial number 112-18." 
500 |a Electronic resource. 
650 0 |a Long-term care of the sick  |z United States. 
650 0 |a Long-term care of the sick  |z United States  |x Decision making. 
650 0 |a Terminally ill  |x Care  |z United States. 
650 0 |a Advance directives (Medical care)  |z United States. 
650 0 |a Terminal care  |x Moral and ethical aspects  |z United States. 
650 7 |a Advance directives (Medical care)  |2 fast  |0 (OCoLC)fst00797413 
650 7 |a Long-term care of the sick.  |2 fast  |0 (OCoLC)fst01002336 
650 7 |a Long-term care of the sick  |x Decision making.  |2 fast  |0 (OCoLC)fst01002341 
650 7 |a Terminal care  |x Moral and ethical aspects.  |2 fast  |0 (OCoLC)fst01147846 
650 7 |a Terminally ill  |x Care.  |2 fast  |0 (OCoLC)fst01147880 
651 7 |a United States.  |2 fast  |0 (OCoLC)fst01204155 
776 0 8 |i Print version:  |a United States. Congress. Senate. Special Committee on Aging.  |t Empowering patients and honoring individuals' choices : lessons in improving care for individuals with advanced illness  |w (OCoLC)818667154 
776 0 8 |i Microfiche version:  |a United States. Congress. Senate. Special Committee on Aging.  |t Empowering patients and honoring individuals' choices : lessons in improving care for individuals with advanced illness  |w (OCoLC)862979077 
810 1 |a United States.  |b Congress.  |b Senate.  |t S. hrg. ;  |v 112-553. 
856 4 0 |u https://purl.fdlp.gov/GPO/gpo30959  |t 0 
999 |a MARS 
999 f f |s 6f874c76-9ae3-3f99-a140-df4d83fc8b93  |i a57dfe02-267c-38c4-aa8f-4215c9522624  |t 0 
952 f f |a Texas A&M University  |b College Station  |c Electronic Resources  |d Available Online  |t 0  |e Y 4.AG 4:S.HRG.112-553  |h Superintendent of Documents classification 
998 f f |a Y 4.AG 4:S.HRG.112-553  |t 0  |l Available Online